Musical Acts by Picture - C - Statistics

General Stats
  • This quiz has been taken 128 times
  • The average score is 8 of 16
Answer Stats
Picture Answer % Correct
Cher
85%
Coldplay
85%
Celine Dion
74%
Camila Cabello
65%
Christina Aguilera
55%
Cyndi Lauper
54%
Charlie Puth
51%
Coolio
49%
Chuck Berry
45%
The Cure
45%
The Cranberries
43%
Creedence Clearwater Revival
40%
Childish Gambino
38%
Calvin Harris
36%
The Clash
33%
Courtney Love
29%
No matching quizzes found
Score Distribution
Percent of People with Each Score
Percentile by Number Answered
Your Score History
You have not taken this quiz